| Tag |
First Indicator |
Second Indicator |
Subfields |
| LEADER |
00000cam a2200000Mi 4500 |
| 001 |
in00003575868 |
| 006 |
m o d |
| 007 |
cr mnu---uuaaa |
| 008 |
121227s2001 enk o 000 0 eng |
| 005 |
20260420211459.3 |
| 020 |
|
|
|a 9781447103257 (electronic bk.)
|
| 020 |
|
|
|a 1447103254 (electronic bk.)
|
| 020 |
|
|
|z 9781852330583
|
| 020 |
|
|
|z 1852330589
|
| 020 |
|
|
|z 1447103254
|
| 035 |
|
|
|a (OCoLC)853270665
|
| 040 |
|
|
|a AU@
|b eng
|e pn
|c AU@
|d OCLCO
|d GW5XE
|d OCLCQ
|d OCLCF
|d UtOrBLW
|
| 049 |
|
|
|a TXAM
|
| 050 |
|
4 |
|a QA440-699
|
| 072 |
|
7 |
|a PBM
|2 bicssc
|
| 072 |
|
7 |
|a MAT012000
|2 bisacsh
|
| 082 |
0 |
4 |
|a 516
|2 23
|
| 100 |
1 |
|
|a Fenn, Roger.
|
| 245 |
1 |
0 |
|a Geometry /
|c by Roger Fenn.
|
| 264 |
|
1 |
|a London :
|b Springer London,
|c 2001.
|
| 300 |
|
|
|a 1 online resource (xii, 313 pages)
|
| 336 |
|
|
|a text
|b txt
|2 rdacontent
|
| 337 |
|
|
|a computer
|b c
|2 rdamedia
|
| 338 |
|
|
|a online resource
|b cr
|2 rdacarrier
|
| 490 |
1 |
|
|a Springer undergraduate mathematics series,
|x 1615-2085
|
| 505 |
0 |
|
|a The Geometry of Numbers -- Coordinate Geometry -- The Geometry of the Euclidean Plane -- The Geometry of Complex Numbers -- Solid Geometry -- Projective Geometry -- Conics and Quadric Surfaces -- Spherical Geometry -- Quaternions and Octonians -- Bibliography -- Index.
|
| 520 |
|
|
|a Geometry is probably the most accessible branch of mathematics, and can provide an easy route to understanding some of the more complex ideas that mathematics can present. This book is intended to introduce readers to the major geometrical topics taught at undergraduate level, in a manner that is both accessible and rigorous. The author uses world measurement as a synonym for geometry - hence the importance of numbers, coordinates and their manipulation - and has included over 300 exercises, with answers to most of them. The text includes such topics as: - Coordinates - Euclidean plane geometry - Complex numbers - Solid geometry - Conics and quadratic surfaces - Spherical geometry - Quaternions It is suitable for all undergraduate geometry courses, but it is also a useful resource for advanced sixth formers, research mathematicians, and those taking courses in physics, introductory astronomy and other science subjects.
|
| 500 |
|
|
|a Electronic resource.
|
| 650 |
|
0 |
|a Mathematics.
|
| 650 |
|
0 |
|a Geometry.
|
| 650 |
|
7 |
|a Geometry.
|2 fast
|0 (OCoLC)fst00940864
|
| 650 |
|
7 |
|a Mathematics.
|2 fast
|0 (OCoLC)fst01012163
|
| 655 |
|
7 |
|a Electronic books.
|2 local
|
| 710 |
2 |
|
|a SpringerLink (Online service)
|
| 776 |
1 |
8 |
|i Print version:
|z 9781852330583
|
| 830 |
|
0 |
|a Springer undergraduate mathematics series.
|
| 856 |
4 |
0 |
|u http://proxy.library.tamu.edu/login?url=https://link.springer.com/10.1007/978-1-4471-0325-7
|z Connect to the full text of this electronic book
|t 0
|
| 994 |
|
|
|a 92
|b TXA
|
| 999 |
|
|
|a MARS
|
| 999 |
f |
f |
|s b2f3d598-faab-3b6a-b86f-8f1d3ad60cb0
|i 3fdf1cb6-ce27-39f2-b60b-38787d1837f4
|t 0
|
| 952 |
f |
f |
|a Texas A&M University
|b College Station
|c Electronic Resources
|s www_evans
|d Available Online
|t 0
|e QA440-699
|h Library of Congress classification
|
| 998 |
f |
f |
|a QA440-699
|t 0
|l Available Online
|